Datum a čas kvízu
41
Celkem bodů
Celkový počet nahraných bodů na tomto kvízu bez doplňovacích otázek.
4.
Pořadí na kvízu
Konečné umístění týmu na tomto kvízu.
Zaznamenané odpovědi
| # | Otázka | Odpověď | Body | Výsledky |
|---|---|---|---|---|
| 1. | Premiér Fiala ve čtvrtek podep... | o Vatikán | 1 | |
| 2. | Minulý týden se konal mítink D... | Barack Obama, Eminem | 1 | |
| 3. | Český film režiséra Petra Slav... | Tancuj Matyldo | 1 | |
| 4. | Minulý týden jsme se dozvěděli... | C) Alan Turing | 1 | |
| 5. | V pondělí se v Praze uskutečni... | Josef Dostál | 0 | |
| 6. | Vzhledem ke končící bohaté hou... | třeň, pochva | 0.5 | |
| 7. | Uveďte rodové jméno tohoto ptá... | brhlík | 1 | |
| 8. | Při nocování v lese jste už mo... | liška | 0 | |
| 9. | Jak se u jelenovitých označuje... | vytloukání | 1 | |
| 10. | Na jaře se řada lidí vydává do... | konvalinka; ocún | 1 |